INDIAN BAR REVIEW [Vol.XLIII (2)2016 ,APRIL TO JUNE) (Record no. 7417)

MARC details
000 -LEADER
fixed length control field 00393nam a22001457a 4500
005 - DATE AND TIME OF LATEST TRANSACTION
control field 20200710134700.0
008 - FIXED-LENGTH DATA ELEMENTS--GENERAL INFORMATION
fixed length control field 200710b xxu||||| |||| 00| 0 eng d
082 ## - DEWEY DECIMAL CLASSIFICATION NUMBER
Classification number 345.4005 BHA-I
100 ## - MAIN ENTRY--AUTHOR NAME
Personal name BHATT, VIJAY
245 ## - TITLE STATEMENT
Title INDIAN BAR REVIEW [Vol.XLIII (2)2016 ,APRIL TO JUNE)
260 ## - PUBLICATION, DISTRIBUTION, ETC. (IMPRINT)
Place of publication NEW DELHI
Name of publisher BAR COUNCIAL OF INDIA
Year of publication 2016
300 ## - PHYSICAL DESCRIPTION
Number of Pages 210p.
650 ## - SUBJECT ADDED ENTRY--TOPICAL TERM
Topical Term LAW
942 ## - ADDED ENTRY ELEMENTS (KOHA)
Koha item type Journals/Serial
Holdings
Lost status Damaged status Collection code Home library Current library Shelving location Date acquired Source of acquisition Cost, normal purchase price Full call number Accession Number Koha item type
    LAW JRU Library JRU Library SHELF-33-C 22/07/2020 PURCHASE 16000.00 345.4005 BHA-I 25040 Journals/Serial
    LAW JRU Library JRU Library SHELF-33-C 22/07/2020 PURCHASE 16000.00 345.4005 BHA-I 25041 Journals/Serial
    LAW JRU Library JRU Library SHELF-33-C 22/07/2020 PURCHASE 16000.00 345.4005 BHA-I 25042 Journals/Serial
    LAW JRU Library JRU Library SHELF-33-C 22/07/2020 PURCHASE 16000.00 345.4005 BHA-I 25043 Journals/Serial
    LAW JRU Library JRU Library SHELF-33-C 22/07/2020 PURCHASE 16000.00 345.4005 BHA-I 25044 Journals/Serial
    LAW JRU Library JRU Library SHELF-33-C 22/07/2020 PURCHASE 16000.00 345.4005 BHA-I 25045 Journals/Serial
    LAW JRU Library JRU Library SHELF-33-C 22/07/2020 PURCHASE 16000.00 345.4005 BHA-I 25046 Journals/Serial
    LAW JRU Library JRU Library SHELF-33-C 22/07/2020 PURCHASE 16000.00 345.4005 BHA-I 25047 Journals/Serial
    LAW JRU Library JRU Library SHELF-33-C 22/07/2020 PURCHASE 16000.00 345.4005 BHA-I 25048 Journals/Serial
    LAW JRU Library JRU Library SHELF-33-C 22/07/2020 PURCHASE 16000.00 345.4005 BHA-I 25049 Journals/Serial